LEADER 00880nam0-22003011i-450- 001 990001727180403321 005 20060925134811.0 035 $a000172718 035 $aFED01000172718 035 $a(Aleph)000172718FED01 035 $a000172718 100 $a20030910d1964----km-y0itay50------ba 101 0 $aita 102 $aIT 200 1 $aGiornata del cotone italiano$ePalermo, 23 ottobre 1963$fCentro Studi per il Cotone Italiano 210 $aPalermo$cCentro Studi per il Cotone Italiano$d1964 215 $a83 p.$d24 cm 610 0 $aCotone 676 $a677.21 676 $a633.51 710 12$aGiornata del cotone italiano$f<1963 ;$ePalermo>$0355425 801 0$aIT$bUNINA$gRICA$2UNIMARC 901 $aBK 912 $a990001727180403321 952 $a60 677.21 B 2$b40119$fFAGBC 959 $aFAGBC 996 $aGiornata del cotone italiano$9360076 997 $aUNINA LEADER 00968cam0-2200313---450- 001 990005857030403321 005 20160512155850.0 010 $a91-554-1442-7 035 $a000585703 035 $aFED01000585703 035 $a(Aleph)000585703FED01 035 $a000585703 100 $a19990604d1983----km-y0itay50------ba 101 0 $aeng 102 $aSE 105 $aa-------001yy 200 1 $aGood or bad scots?$eattitudes to optional lexical and grammatical usages in Edinburgh$fKarl Inge Sandred 210 $aStockholm$cAlmquist & Wiksell$d1983 215 $a131 p.$cill.$d23 cm 225 1 $aActa Universitatis Upsaliensis$iStudia anglistica upsaliensia$v48 610 0 $aLingua inglese$aDialetti$aScozia 676 $a427.9411$v22$zita 700 1$aSandred,$bKarl Inge$0222699 801 0$aIT$bUNINA$gRICA$2UNIMARC 901 $aBK 912 $a990005857030403321 952 $a427.9411 SAN 1$bDip.f.m.4650$fFLFBC 959 $aFLFBC 997 $aUNINA